Survivor 46 Cast - Statistics

General Stats
  • This quiz has been taken 130 times
    113 since last reset
  • The average score is 16 of 18
Answer Stats
Hint Answer % Correct
Siga Charlie
99%
Yanu Q
99%
Yanu Kenzie
98%
Yanu Tiffany
96%
Siga Maria
94%
Siga Ben
92%
Yanu Bhanu
91%
Nami Hunter
91%
Nami Venus
91%
Nami Soda
90%
Yanu Jelinsky
89%
Nami Tevin
86%
Yanu Jess
84%
Nami Liz
84%
Siga Jem
78%
Siga Moriah
78%
Nami Randen
78%
Siga Tim
78%
No matching quizzes found
Score Distribution
Percent of People with Each Score
Percentile by Number Answered
Your Score History
You have not taken this quiz since the last reset